000 00313 a2200157 4500
001 179666
020 _a
040 _cMagnum
100 _aTrindade, Maria Zelia Damasio
240 1 0 _aO buraco
_lpor
245 1 0 _aO buraco
362 0 _a1899
440 1 _aLemi
697 _aMAGNITO: IJ/GERAL
942 _cBK
999 _c179666
_d179666